000 00400nam a2200157Ia 4500
008 230711s9999||||xx |||||||||||||| ||und||
041 _aENG
082 _a620
_bBI-M
100 _aBuck, Nelson Lewis
245 0 _aMechanical measurement
250 _a3rd Ed.
260 _c1982
_aNew Delhi
_bNarosa Publishing House
650 _aMechanical Engineering
700 _aBeckwith,Thomas G
942 _cBK
999 _c1467
_d1467